Solar System Conveyor - Statistics

General Stats
  • This quiz has been taken 13 times
  • The average score is 17 of 18
Answers on the Map
Answers color-coded by a green-red scale on the quiz's map according to % correct below.
 
Answer Stats
Answer % Correct
Earth
100%
Earth
100%
Jupiter
100%
Jupiter
100%
Mars
100%
Mars
100%
Saturn
100%
Saturn
100%
Sun
100%
Sun
100%
Mercury
92%
Mercury
92%
Neptune
92%
Neptune
92%
Venus
92%
Venus
92%
Uranus
83%
Uranus
83%
No matching quizzes found
Score Distribution
Percent of People with Each Score
Percentile by Number Answered
Your Score History
You have not taken this quiz